A word without-doors concerning the bill for succession

Bibliographic Details
Main Author: J. D.
Format: eBook
Language:English
Published: [S.l. : publisher not identified, 1679?]
Series:Early English books online.
Subjects:
Online Access:Connect to the full text of this electronic book

MARC

Tag First Indicator Second Indicator Subfields
LEADER 00000nam a2200000Ia 4500
001 in00004295413
005 20200810080625.0
006 m g d
007 cr bn |||a|bb|
008 851028s1670 xx o 00| | eng d
035 |a (OCoLC)12728107 
040 |a EAA  |c EAA  |d m/c  |d WaOLN 
037 |a CL0037000027  |b ProQuest Information and Learning. 300 N. Zeeb Rd., Ann Arbor, MI 48106 
043 |a e-uk--- 
045 |a u7u7 
049 |a UMIA 
100 0 |a J. D. 
245 1 2 |a A word without-doors concerning the bill for succession 
260 |a [S.l. :  |b publisher not identified,  |c 1679?] 
300 |a 1 online resource (10 pages) 
336 |a text  |b txt  |2 rdacontent 
337 |a computer  |b c  |2 rdamedia 
338 |a online resource  |b cr  |2 rdacarrier 
500 |a Reproduction of original in Huntington Library. 
500 |a Attributed to J.D. compare Wing. 
500 |a Publication information taken from BM. 
500 |a Signed: J.D. 
500 |a Concerning the sucession of the Duke of York to the throne. 
510 4 |a Wing  |c D48 
533 |a Electronic reproduction.  |b Ann Arbor, Mich. :  |c UMI,  |d 1999-  |f (Early English books online)  |n Digital version of: (Early English books, 1641-1700 ; 865:17)  |7 s1999 miun s 
651 0 |a Great Britain  |x History  |y Charles II, 1660-1685. 
740 0 |a Word without doors. 
830 0 |a Early English books online. 
856 4 0 |u http://proxy.library.tamu.edu/login?url=https://search.proquest.com/docview/2240953264  |z Connect to the full text of this electronic book  |t 0 
999 f f |s 605ecb19-0fb7-37b6-8456-286d1881b8a5  |i d7318e1a-407c-37fd-9102-6ce7d6980ede  |t 0 
952 f f |a Texas A&M University  |b College Station  |c Electronic Resources  |d Available Online  |t 0  |h No information provided 
998 f f |t 0  |l Available Online